Statistiken für Hauptstadt nach Bild

Klicken Sie hier um das Quiz zu spielen!

Allgemein

  • Dieses Quiz wurde 140 mal gespielt
  • Das Durchschnittsergebnis liegt bei 13 aus 15

Antwortstatistiken

Antwort% Korrekt
Paris
100%
Athen
99%
Kairo
99%
Moskau
99%
Rom
99%
London
96%
Kopenhagen
93%
Peking
91%
Washington
91%
Berlin
87%
Tokio
78%
Prag
75%
Pjöngjang
71%
Madrid
55%
Helsinki
41%

Verteilung der Resultate

Perzentil nach korrekt beantworteten Fragen

Anzahl Personen mit jedem Resultat

Ihre Resultats-Entwicklung

Sie haben dieses Quiz noch nicht gespielt